Flaggen der Länder, die die EURO gewonnen haben - Statistiken

Allgemein
  • Dieses Quiz wurde 103 mal gespielt
    36 seit der letzten Aktualisierung
  • Das Durchschnittsergebnis liegt bei 11 aus 12
Antwortstatistiken
Bildquiz Antwort % Korrekt
Spanien
100%
Italien
97%
Dänemark
94%
Deutschland
94%
Deutschland
94%
Frankreich
94%
Griechenland
94%
Spanien
94%
Niederlande
91%
Portugal
91%
Sowjetunion
82%
die Tschechoslowakei
62%
Keine übereinstimmenden Quizze gefunden
Verteilung der Resultate
Anzahl Personen mit jedem Resultat
Perzentil nach korrekt beantworteten Fragen
Ihre Resultats-Entwicklung
Sie haben dieses Quiz seit der letzten Aktualisierung nicht gespielt